|
|
|
|
| LEADER |
00000nas a2200000 a 4500 |
| 001 |
ssj0001454263 |
| 003 |
WaSeSS |
| 005 |
20200512172242.0 |
| 006 |
m d |
| 007 |
cr n |
| 008 |
080221c20079999nyuqr p s 0 a0eng |
| 010 |
|
|
|a 2008204713
|
| 022 |
|
|
|y 2327-8056
|
| 035 |
|
|
|a (WaSeSS)ssj0001454263
|
| 037 |
|
|
|b Nova Science Publishers, Inc., 400 Oser Avenue, Suite 1600, Hauppauge, NY 11788-3619
|
| 040 |
|
|
|a DLC
|b eng
|c DLC
|d OCLCQ
|d DLC
|d OCLCF
|d OCLCO
|d AU@
|d OCLCO
|d CUS
|d WaSeSS
|
| 042 |
|
|
|a pcc
|a nsdp
|
| 050 |
0 |
0 |
|a QC173.45
|b .C66
|
| 082 |
0 |
0 |
|a 530.4/1/05
|2 20
|
| 210 |
0 |
|
|a Int. j. condens. matter adv. mater. supercond. res.
|
| 222 |
|
0 |
|a International journal of condensed matter, advanced materials, and superconductivity research
|
| 245 |
0 |
0 |
|a International journal of condensed matter, advanced materials & superconductivity research
|h [electronic resource].
|
| 246 |
1 |
|
|i Issues for <2011->have title:
|a International journal of condensed matter, advanced materials, and superconductivity research
|
| 246 |
1 |
|
|a IJCMAMSR
|
| 260 |
|
|
|3 <2007->:
|a Commack, N.Y. :
|b Nova Science Publishers
|
| 260 |
3 |
|
|3 <2011->:
|a Hauppauge, N.Y. :
|b Nova Science Publishers
|
| 310 |
|
|
|a Quarterly
|
| 506 |
|
|
|a License restrictions may limit access.
|
| 588 |
|
|
|a Description based on: Vol. 7, no. 1/2 (2007); title from cover.
|
| 588 |
|
|
|a Latest issue consulted: Vol. 10, no. 1/2 (2011).
|
| 650 |
|
0 |
|a Condensed matter
|v Periodicals.
|
| 650 |
|
0 |
|a Solid state chemistry
|v Periodicals.
|
| 650 |
|
0 |
|a Superconductors
|v Periodicals.
|
| 650 |
|
7 |
|a Condensed matter.
|2 fast
|0 (OCoLC)fst00874443
|
| 650 |
|
7 |
|a Solid state chemistry.
|2 fast
|0 (OCoLC)fst01125442
|
| 650 |
|
7 |
|a Superconductors.
|2 fast
|0 (OCoLC)fst01138834
|
| 655 |
|
0 |
|a Electronic journals.
|
| 710 |
2 |
|
|a Nova Science Publishers.
|
| 780 |
0 |
0 |
|t International journal of condensed matter research
|x 1523-9063
|w (DLC) 99104262
|w (OCoLC)40775433
|
| 850 |
|
|
|a DLC
|
| 856 |
4 |
0 |
|z Full text available from Research Library: 01/01/2011 to 10/31/2014
|u https://search.proquest.com/publication/2034855
|